Ochrana spotrebiteľa ako súčasť aktívnej politiky štátu

Spotrebiteľ ako subjekt ochrany v politike Európskej únie. Spotrebiteľská politika a jej štruktúra. Spotrebiteľské povedomie. Stratégia spotrebiteľskej politiky 2007-2013. Ochrana spotrebiteľa na vnútornom trhu. Prieskum znalosti spotrebiteľských práv v SR. Swot analýza.

Saved in:
Bibliographic Details
Main Author: Dzurová, Mária
Other Authors: Korčoková, Marína, 1970-, Mráziková, Martina
Format: Book Chapter
Language:Slovak
Subjects:
Tags: Add Tag
No Tags, Be the first to tag this record!

MARC

LEADER 00000naa$a2200000$$$4500
001 0160606
005 20240502083356.7
041 0 |a slo 
044 |a CZ 
245 1 0 |a Ochrana spotrebiteľa ako súčasť aktívnej politiky štátu  |c Mária Dzurová, Marína Korčoková, Martina Mráziková 
520 |a Spotrebiteľ ako subjekt ochrany v politike Európskej únie. Spotrebiteľská politika a jej štruktúra. Spotrebiteľské povedomie. Stratégia spotrebiteľskej politiky 2007-2013. Ochrana spotrebiteľa na vnútornom trhu. Prieskum znalosti spotrebiteľských práv v SR. Swot analýza. 
610 2 0 |a spotrebitelia 
610 2 0 |a ochrana spotrebiteľa 
610 2 0 |a správanie spotrebiteľa 
610 2 0 |a trh 
610 2 0 |a politika spotrebiteľská 
610 2 0 |a prieskum 
610 2 0 |a analýza swot 
610 2 0 |a Slovensko 
610 2 0 |a Európska únia 
100 1 |a Dzurová, Mária 
700 1 |a Korčoková, Marína, 1970- 
700 1 |a Mráziková, Martina